[Event "Kotov mem"]
[Site "Odessa"]
[Date "1989.??.??"]
[Round "?"]
[White "Neverov, Valeriy"]
[Black "Zhelnin, Vladimir V"]
[Result "1-0"]
[WhiteElo "2475"]
[BlackElo "2320"]

1.d4 Nf6 2.c4 g6 3.Nc3 Bg7 4.e4 d6 5.Nf3 O-O 6.Be2 e5 7.O-O Nc6 8.d5 Ne7
9.Ne1 c6 10.Bg5 h6 11.Be3 Kh7 12.Nd3 Ne8 13.f3 f5 14.Qd2 Nf6 15.Rfd1 cxd5
16.cxd5 Bd7 17.Rdc1 f4 18.Bf2 g5 19.a4 a6 20.Nd1 a5 21.Qc2 Ng6 22.Qc7 Qe7
23.Nc3 Rfc8 24.Qb6 Be8 25.Nb5 Bxb5 26.Qxb5 g4 27.Be1 h5 28.Rc4 gxf3 29.gxf3 Rxc4
30.Qxc4 Nd7 31.Kh1 Bf6 32.Bf1 Bh4 33.Bd2 Nc5 34.Nxc5 Rc8 35.b4 axb4 36.Bxb4 Bf2
37.Bh3 Rc7 38.Bf5 Kh6 39.Qe2 Bxc5 40.Bxc5 Rxc5 41.Rg1 Nh4 42.Qf2 Nxf5 43.exf5 Kh7
44.Qg2 Qf7 45.Qh3 Rxd5 46.f6 Kh6 47.Qf5 Rd2 48.Rg7 Qxg7 49.fxg7 Kxg7 50.h4 b6
51.Qxh5  1-0

[Event "Kotov mem"]
[Site "Odessa"]
[Date "1989.??.??"]
[Round "?"]
[White "Kolev, Atanas"]
[Black "Neverov, Valeriy"]
[Result "0-1"]
[WhiteElo "2425"]
[BlackElo "2475"]

1.Nf3 Nf6 2.c4 g6 3.Nc3 Bg7 4.e4 d6 5.d4 O-O 6.Be2 e5 7.O-O Nc6 8.d5 Ne7
9.Nd2 a5 10.a3 Bd7 11.Ra2 c5 12.dxc6 bxc6 13.b4 axb4 14.axb4 Rxa2 15.Nxa2 d5
16.Nc3 Qa8 17.exd5 cxd5 18.Nf3 e4 19.Ne5 Bf5 20.Nb5 dxc4 21.Nxc4 Rd8 22.Qb3 Qb8
23.Ne3 Be6 24.Qb1 Ned5 25.Nxd5 Rxd5 26.Nc3 Rd4 27.Nb5 Rc4 28.Na3 Rxb4 29.Qc2 Ng4
30.Bxg4 Bxg4 31.Nc4 Be6 32.Ne3 h6 33.h3 f5 34.Re1 Kh7 35.Nf1 Bc4 36.Nd2 Bd3
37.Qc6 Rb6 38.Qc5 Rb5 39.Qe7 Rb7 40.Qh4 Qc8 41.Nf1 Rb1 42.Bxh6 Bxh6 43.Rxb1 Bxb1
44.Qe7+ Bg7  0-1

[Event "Olomouc"]
[Site "Olomouc"]
[Date "1989.??.??"]
[Round "?"]
[White "Zvolanek, Lubomir"]
[Black "Babula, Milan"]
[Result "1/2-1/2"]
[WhiteElo "2230"]
[BlackElo "2305"]

1.d4 Nf6 2.c4 g6 3.Nc3 Bg7 4.e4 d6 5.Nf3 O-O 6.Be2 e5 7.O-O Nc6 8.d5 Ne7
9.Ne1 Nd7 10.Nd3 f5 11.Bd2 Nf6 12.f3 f4 13.g4 h5 14.g5 Nh7 15.h4 Nxg5 16.hxg5 Nxd5
17.Rf2 Nb6 18.Qb3 Kh7 19.Kh1 Qxg5 20.Rg1 Qd8 21.Rh2 Be6 22.Nf2 c6 23.Na4 Nxa4
24.Qxa4 Bf6 25.Be1 Rh8 26.Bf1 a6 27.Qc2 Qe7 28.Bh3 Bf7 29.Qe2 Kg7 30.a4 Rh6
31.a5 Rah8 32.Kg2 Kf8 33.Kf1 Bh4 34.Nd1 Bf6 35.Nc3 g5 36.Bf5 Rg8 37.Na4 Rhh8
38.Nb6 Kg7 39.Nd7 Be6 40.Nxf6 Kxf6 41.Bxe6 Qxe6 42.Bc3  1/2-1/2

[Event "Olomouc"]
[Site "Olomouc"]
[Date "1989.??.??"]
[Round "?"]
[White "Staniszewski, Piotr"]
[Black "Beil, Zdenek"]
[Result "1/2-1/2"]
[WhiteElo "2410"]
[BlackElo "2375"]

1.c4 g6 2.d4 Bg7 3.Nc3 d6 4.e4 Nf6 5.Nf3 O-O 6.Be2 e5 7.O-O Nc6 8.d5 Ne7
9.Nd2 c5 10.Rb1 Nd7 11.Nb5 Nb8 12.a3 a6 13.Nc3 f5 14.b4 Nd7 15.Na4 b6 16.bxc5 bxc5
17.Bb2 Nf6 18.f4 exf4 19.e5 Ne4 20.exd6 Qxd6 21.Bxg7 Kxg7 22.Rb6 Qd8 23.Rxf4 Nf6
24.Qa1 Bd7 25.Ne4 Nxd5 26.cxd5 fxe4 27.Rbxf6 Rxf6 28.Nxc5 Ra7 29.Nxe4 Bf5
30.Nxf6 Qxf6 31.Qd4 Qxd4+ 32.Rxd4 Kf6 33.Kf2 Ke5 34.Ke3 Rc7 35.Ra4 Bc8 36.Bf3 Rc3+
37.Kd2 Rb3 38.Re4+ Kd6 39.Re3 Rb2+ 40.Kc3 Ra2 41.Kb4 Bd7 42.h4 h6 43.Ka5 g5
44.hxg5 hxg5 45.Kxa6 g4 46.Be4 Rb2 47.Rc3 Ke5 48.Bc2 Kxd5 49.a4 Kd6 50.a5 Bc6
51.g3 Rb8 52.Re3 Ra8+  1/2-1/2

[Event "Olomouc"]
[Site "Olomouc"]
[Date "1989.??.??"]
[Round "?"]
[White "Hesse, Peter"]
[Black "Belotti, Bruno"]
[Result "0-1"]
[WhiteElo "2360"]
[BlackElo "2350"]

1.d4 Nf6 2.Nf3 g6 3.c4 Bg7 4.Nc3 d6 5.e4 O-O 6.Be2 e5 7.O-O Nc6 8.d5 Ne7
9.Nd2 c5 10.Rb1 Ne8 11.b4 b6 12.bxc5 bxc5 13.Nb3 f5 14.f3 Kh8 15.Bd2 Ng8
16.Qc1 f4 17.Nd1 g5 18.Nf2 h5 19.Na5 Qf6 20.Qa3 Rf7 21.Nc6 Qg6 22.h3 Bf6
23.Rb3 Rg7 24.Rfb1 g4 25.hxg4 Bh4 26.Rb8 Rxb8 27.Rxb8 Bd7 28.Nd8 Bxf2+ 29.Kxf2 hxg4
30.Ne6 Bxe6 31.dxe6 Qxe6 32.Qd3 g3+ 33.Ke1 Ngf6 34.Ba5 Kh7 35.Bd8 Kg6 36.a4 Nc7
37.Bf1 Na6 38.Rb5 Nb4 39.Qd2 Nc6 40.Bxf6 Kxf6 41.Qd5 Nd4 42.Rb2 Qxd5 43.cxd5 Rh7
44.a5 Rh1 45.a6 c4 46.Rb7 Nxf3+  0-1

[Event "Olomouc"]
[Site "Olomouc"]
[Date "1989.??.??"]
[Round "?"]
[White "Zvolanek, Lubomir"]
[Black "Hesse, Peter"]
[Result "0-1"]
[WhiteElo "2230"]
[BlackElo "2360"]

1.d4 Nf6 2.c4 g6 3.Nc3 Bg7 4.e4 d6 5.Nf3 O-O 6.Be2 e5 7.O-O Nc6 8.d5 Ne7
9.Ne1 Nd7 10.Nd3 f5 11.Bd2 Nf6 12.f3 Kh8 13.a4 Neg8 14.c5 Ne8 15.Rc1 Ngf6
16.a5 Rg8 17.Qa4 f4 18.c6 bxc6 19.Qxc6 Rb8 20.Rf2 g5 21.g4 fxg3 22.hxg3 Nh5
23.Kg2 Qf6 24.Nb5 Qg6 25.Nxa7 g4 26.Nxc8 gxf3+ 27.Bxf3 Qxg3+ 28.Kf1 Rxc8
29.Ke2 Qh4 30.Re1 Nef6 31.Kd1 Ng3 32.Rg2 Nfxe4 33.Be3 Ng5 34.Bxg5 Qxg5 35.Qc1 Qh4
36.Reg1 Nf5 37.Rg4 Qh3 38.Ne1 Bh6 39.Rh1 Qxh1  0-1

[Event "Olomouc"]
[Site "Olomouc"]
[Date "1989.??.??"]
[Round "?"]
[White "Hesse, Peter"]
[Black "Babula, Milan"]
[Result "0-1"]
[WhiteElo "2360"]
[BlackElo "2305"]

1.d4 Nf6 2.c4 g6 3.Nf3 Bg7 4.Nc3 O-O 5.e4 d6 6.Be2 e5 7.O-O Nc6 8.d5 Ne7
9.Nd2 c5 10.Rb1 Ne8 11.b4 b6 12.bxc5 bxc5 13.Nb3 f5 14.f3 Kh8 15.Bd2 Ng8
16.Rb2 Bh6 17.Bxh6 Nxh6 18.Qd2 f4 19.Nd1 g5 20.Nf2 Nf6 21.h3 a5 22.Rfb1 Nf7
23.Nc1 Qc7 24.Rb6 h5 25.Qb2 Rg8 26.Ncd3 Qe7 27.Kf1 g4 28.hxg4 hxg4 29.Ke1 Ba6
30.Kd2 Ng5 31.Rh1+ Kg7 32.Kc3 g3 33.Nd1 Nd7 34.Rb3 Rgb8 35.Qa1 a4 36.Rxb8 Rxb8
37.Kc2 Kg6 38.Nc3 Bxc4 39.Nxf4+ exf4 40.Bxc4 Ne5 41.Bb5 c4 42.Qc1 Nd3 43.Qa3 Nf7
44.Qxa4 Qc7 45.Rd1 Nfe5 46.a3 Qc5 47.Qa6 Kf6 48.Rd2 Qc7 49.Qa4 Nc5 50.Qb4 Nb3
51.Rd1 Ke7 52.Rh1 Qb6 53.Kb1 Qf2 54.Nd1 Qd4 55.a4 Rh8 56.Re1 Nd3 57.Qxc4 Nd2+  0-1

[Event "Olomouc"]
[Site "Olomouc"]
[Date "1989.??.??"]
[Round "?"]
[White "Belotti, Bruno"]
[Black "Babula, Milan"]
[Result "1/2-1/2"]
[WhiteElo "2350"]
[BlackElo "2305"]

1.d4 Nf6 2.c4 g6 3.Nc3 Bg7 4.e4 d6 5.Nf3 O-O 6.Be2 e5 7.O-O Nc6 8.d5 Ne7
9.Ne1 Nd7 10.Be3 f5 11.f3 f4 12.Bf2 g5 13.b4 a5 14.a3  1/2-1/2

[Event "Paris op-1"]
[Site "Paris"]
[Date "1989.??.??"]
[Round "?"]
[White "Sinkovics, Peter"]
[Black "Marcantoni, Herve"]
[Result "1-0"]
[WhiteElo "2290"]
[BlackElo "2090"]

1.d4 Nf6 2.Nf3 g6 3.c4 Bg7 4.Nc3 O-O 5.e4 d6 6.Be2 e5 7.O-O Nc6 8.d5 Ne7
9.Nd2 c5 10.Rb1 Ne8 11.b4 b6 12.bxc5 bxc5 13.Nb3 f5 14.Bg5 Nf6 15.Nxc5 dxc5
16.d6 Be6 17.dxe7 Qxe7 18.f3 Rfd8 19.Nd5 Qf7 20.Rb5 Rac8 21.Qc1 f4 22.Qa3 h6
23.Bh4 g5 24.Bf2 Nd7 25.Rb7 Bf8 26.Rfb1 h5 27.Rxa7 Bd6 28.Rbb7 g4 29.Bh4 g3
30.h3 Bb8 31.Bxd8 Rxd8 32.Ra6 Rc8 33.Qa4  1-0

[Event "Paris op-1"]
[Site "Paris"]
[Date "1989.??.??"]
[Round "?"]
[White "Chabanon, Jean Luc"]
[Black "Imbert, C."]
[Result "0-1"]
[WhiteElo "2245"]
[BlackElo "1870"]

1.c4 Nf6 2.Nc3 g6 3.e4 d6 4.d4 Bg7 5.Nf3 O-O 6.Be2 e5 7.O-O Nc6 8.d5 Ne7
9.Ne1 Ne8 10.f3 f5 11.Be3 f4 12.Bf2 g5 13.c5 Ng6 14.cxd6 cxd6 15.Rc1 h5 16.Qb3 Rf7
17.Nb5 g4 18.fxg4 hxg4 19.Nxa7 f3 20.Bb6 Qh4 21.g3 Qh5 22.Nxc8 Bh6 23.Rc2 Rh7
24.Rf2 fxe2 25.Rfxe2 Bg5 26.Qb5 Nf8 27.Rf2 Nd7 28.Rf5 Qh6 29.Ng2 Nef6 30.Nxd6 Nxb6
31.Rxg5+ Qxg5 32.Qxb6 Qh6 33.Nh4 Nxe4 34.Nhf5 Qf6 35.Rf2 Nxf2 36.Qxf2 Rxa2
37.Ne4 Ra1+ 38.Kg2 Qg6 39.Nfd6 Rxh2+ 40.Kxh2 Qh5+ 41.Kg2 Qh3+  0-1

[Event "Pau"]
[Site "Pau"]
[Date "1989.??.??"]
[Round "?"]
[White "Marchand, Eric"]
[Black "Degraeve, Jean Marc"]
[Result "0-1"]
[WhiteElo "2275"]
[BlackElo "2320"]

1.d4 Nf6 2.c4 g6 3.Nc3 Bg7 4.e4 d6 5.Nf3 O-O 6.Be2 e5 7.O-O Nc6 8.d5 Ne7
9.Ne1 Nd7 10.Be3 f5 11.f3 f4 12.Bf2 g5 13.Nd3 Rf6 14.c5 a6 15.Qb3 Kh8 16.Rfc1 Rh6
17.cxd6 cxd6 18.Qa3 Nf6 19.Nb5 Ne8 20.Nc7 Nxc7 21.Bb6 Ng8 22.Rxc7 Qe8 23.Rac1 Rg6
24.Bd1 h5 25.Ba4 Qf8 26.Bd7 Bxd7 27.Rxd7 g4 28.Kh1 Qf6 29.Qc3 Nh6 30.Qd2 Nf7
31.Rcc7 Ng5 32.Qe2 Rf8 33.Bc5 dxc5 34.Nxc5 gxf3 35.gxf3 Nh3 36.Qf1 Qh4  0-1

[Event "World op"]
[Site "Philadelphia"]
[Date "1989.??.??"]
[Round "7"]
[White "Kotliar, Mark"]
[Black "Byrne, Robert E"]
[Result "0-1"]
[WhiteElo "2270"]
[BlackElo "2465"]

1.Nf3 Nf6 2.c4 g6 3.Nc3 Bg7 4.d4 O-O 5.e4 d6 6.Be2 Nc6 7.O-O e5 8.d5 Ne7
9.Nd2 a5 10.Rb1 c5 11.a3 Ne8 12.b4 axb4 13.axb4 b6 14.bxc5 bxc5 15.Nb3 f5
16.Bd2 Nf6 17.f3 Bd7 18.Qc2 h5 19.Ra1 Kh7 20.Rxa8 Qxa8 21.Ra1 Qb8 22.Bd3 Bh6
23.Rb1 Bxd2 24.Nxd2 Qa7 25.exf5 gxf5 26.Nf1 Nfxd5 27.Nxd5 Nxd5 28.Ng3 Nb4
29.Qd2 h4 30.Nh5 Kg6 31.Be2 d5 32.f4 e4 33.Qe1 Qa2 34.Rd1 Rf7 35.cxd5 Nd3
36.Bxd3 exd3 37.Qxh4 Qe2 38.Qg3+ Kh7 39.Qxd3 Qxh5 40.Re1 Qh6 41.Qc4 Qd6 42.Re3 Rg7
43.Rh3+ Kg8 44.Rc3 Qg6 45.g3 Qe8 46.d6+ Kh7 47.Kf2 Qh5 48.h4 Bc6 49.Qe2 Qg6
50.Qe3 Be4 51.Qxc5 Qe6 52.Ra3 Kh6 53.Qe5 Qc4 54.Qc3 Qb5 55.Rb3 Qa6 56.Qd4 Qa2+
57.Rb2 Qa3 58.d7 Qxg3+ 59.Ke2 Qh2+ 60.Qf2 Qxf2+ 61.Kxf2 Rxd7 62.Rb3 Kh5 63.Rg3 Kxh4
64.Rg5 Rd3 65.Ke2 Rg3  0-1

[Event "World op"]
[Site "Philadelphia"]
[Date "1989.??.??"]
[Round "10"]
[White "Leveille, Francois"]
[Black "Puri, Vinny"]
[Result "1-0"]
[WhiteElo "2295"]
[BlackElo "2285"]

1.d4 Nf6 2.c4 g6 3.Nc3 Bg7 4.e4 d6 5.Be2 O-O 6.Nf3 e5 7.O-O Nc6 8.d5 Ne7
9.Ne1 Nd7 10.Nd3 f5 11.Bd2 Nf6 12.f3 f4 13.g4 fxg3 14.hxg3 h5 15.Be3 Rf7
16.Qd2 Kh7 17.Rf2 Neg8 18.g4 Ne7 19.g5 Nd7 20.Rh2 Kg8 21.Kh1 c6 22.Rd1 cxd5
23.cxd5 a6 24.a4 b6 25.b4 a5 26.Nb5 Nb8 27.Rc1 axb4 28.Qxb4 Ba6 29.Nxd6 Nxd5
30.exd5 Bf8 31.Nxf7  1-0

[Event "Podolsk GMA-qual"]
[Site "Podolsk"]
[Date "1989.??.??"]
[Round "?"]
[White "Neverov, Valeriy"]
[Black "Belov, Igor"]
[Result "1/2-1/2"]
[WhiteElo "2475"]
[BlackElo "2435"]

1.d4 Nf6 2.Nf3 g6 3.c4 Bg7 4.Nc3 O-O 5.e4 d6 6.Be2 e5 7.O-O Nc6 8.d5 Ne7
9.Ne1 Nd7 10.Nd3 f5 11.Bd2 fxe4 12.Nxe4 Nf6 13.Bf3 Nf5 14.Bc3 Nxe4 15.Bxe4 Qh4
16.Re1 b6 17.g3 Qg5 18.Bg2 a5 19.Re4 Bd7 20.Qe2 Rae8 21.Re1 Qd8 22.Qd1 Nd4
23.Bxd4 exd4 24.Rxe8  1/2-1/2

[Event "Podolsk GMA-qual"]
[Site "Podolsk"]
[Date "1989.??.??"]
[Round "?"]
[White "Giorgadze, Giorgi"]
[Black "Neverov, Valeriy"]
[Result "1/2-1/2"]
[WhiteElo "2470"]
[BlackElo "2475"]

1.d4 Nf6 2.c4 g6 3.Nc3 Bg7 4.e4 d6 5.Be2 O-O 6.Nf3 e5 7.O-O Nc6 8.d5 Ne7
9.Nd2 a5 10.a3 Nd7 11.Rb1 f5 12.b4 Kh8 13.Qc2 Ng8 14.exf5 gxf5 15.f4 Ne7
16.Nf3 Ng6 17.Ng5 Nf6 18.fxe5 dxe5 19.Kh1 axb4 20.axb4 Nf4 21.Bxf4 exf4 22.Bf3 Nxd5
23.Nxd5 Qxg5 24.Nxc7 Ra3 25.Rb3 Rxb3 26.Qxb3 Qe7 27.Nd5 Qe5 28.Qd1 Re8 29.Qd2 b5
30.c5 Bb7 31.Nxf4 Be4 32.Nh5 Qd4 33.Qg5 Be5 34.Bxe4 fxe4 35.Qe7 Rg8 36.Nf6 Bxf6
37.Qxf6+ Qxf6 38.Rxf6 e3 39.Kg1 Rg4 40.c6 Rc4 41.Kf1 Kg7 42.Rf5 Rxc6 43.Rxb5 Rc2
44.Rf5 Kg6 45.Rf4 Kg5 46.Rf3 Rb2 47.Rxe3 Rxb4 48.Rg3+ Kf6 49.Kf2 Rb2+ 50.Kf3 Rb4
51.Rg4 Rb3+ 52.Kf4 Ra3 53.Rg8 Ra4+ 54.Kg3 Kf7 55.Rg4 Ra5 56.Kh4 Kf6 57.Rg8 Rb5
58.Kg4 Ra5 59.h4 h5+  1/2-1/2

[Event "Rubinstein mem"]
[Site "Polanica Zdroj"]
[Date "1989.??.??"]
[Round "12"]
[White "Schmidt, Wlodzimierz"]
[Black "Gruenberg, Hans Ulrich"]
[Result "1/2-1/2"]
[WhiteElo "2460"]
[BlackElo "2475"]

1.Nf3 Nf6 2.c4 g6 3.Nc3 Bg7 4.d4 O-O 5.e4 d6 6.Be2 e5 7.O-O Nc6 8.d5 Ne7
9.Ne1 Nd7 10.Be3 f5 11.f3 f4 12.Bf2 g5 13.b4 Rf6 14.c5 Rh6 15.cxd6 cxd6 16.Nb5 Qe8
17.g4 fxg3 18.Bxg3 Qd8 19.Qc1 Nf8 20.Qc7 Qd7 21.Rc1 a6 22.Qxd7 Bxd7 23.Nc7 Rc8
24.Ng2 Neg6 25.Rfd1 Nf4 26.Bf1  1/2-1/2

[Event "Bohemians"]
[Site "Prague"]
[Date "1989.??.??"]
[Round "?"]
[White "Kosic, Dragan"]
[Black "Vokac, Marek"]
[Result "1/2-1/2"]
[WhiteElo "2445"]
[BlackElo "2445"]

1.d4 Nf6 2.c4 g6 3.Nc3 Bg7 4.e4 O-O 5.Nf3 d6 6.Be2 e5 7.O-O Nc6 8.d5 Ne7
9.Ne1 Nd7 10.Be3 f5 11.f3 f4 12.Bf2 g5 13.Nb5 b6 14.b4 a6 15.Nc3 Ng6 16.Nd3 Bf6
17.a4 a5 18.bxa5 Rxa5 19.Nb4 Nb8 20.Nb5 Rf7 21.Be1 Nf8 22.Nd3 Ra6 23.a5 bxa5
24.c5 Rg7 25.Bxa5 Rxa5 26.Rxa5 c6 27.Ra8 Bb7 28.Rxb8 Qxb8 29.Nxd6 cxd5 30.Qb3 Qa7
31.Nxb7 Rxb7 32.Qxd5+ Kg7 33.Nxe5 Rc7 34.Nd3 Nd7 35.Kh1 Nxc5 36.e5 Be7 37.Nf2 Qb7
38.Qa2 Qa7 39.Qb1 Qb7 40.Qa1 Qa7 41.Qe1 Nb3 42.Bd1 Nd4 43.Qe4 Qa6 44.Nd3 Rc3
45.Qxd4 Rxd3 46.Be2 Rxd4 47.Bxa6 Rd5 48.e6 Re5 49.Bc4 Bb4 50.g3 Kf6 51.Kg2 Re1
52.gxf4 gxf4 53.Rf2 Rc1 54.Ba2 Rd1 55.Kh3 Rd2 56.Rxd2 Bxd2 57.Kg4 Bb4 58.h3 Bd6
59.Kh5 Bf8 60.Bb3 Kf5 61.Bc4 Kf6 62.Kg4 Bd6 63.Bb3 Kg6 64.Bc2+ Kf6 65.Kh5 Kxe6
66.Kh6 Be7  1/2-1/2

[Event "Bohemians"]
[Site "Prague"]
[Date "1989.??.??"]
[Round "?"]
[White "Zueger, Beat"]
[Black "Haba, Petr"]
[Result "1-0"]
[WhiteElo "2445"]
[BlackElo "2480"]

1.d4 Nf6 2.c4 g6 3.Nc3 Bg7 4.e4 d6 5.Nf3 O-O 6.Be2 e5 7.O-O Nc6 8.d5 Ne7
9.Ne1 Nd7 10.Nd3 f5 11.Bd2 Nf6 12.f3 f4 13.g4 h5 14.g5 Nh7 15.h4 c5 16.Rf2 Bd7
17.b4 cxb4 18.Nxb4 a6 19.Bf1 Qc7 20.Be1 Rfb8 21.Rc1 Nc8 22.Rb2 Bf8 23.Kh2 Be7
24.Bf2 Nf8 25.Nd3 Be8 26.Na4 Qa5 27.Nb6 Nxb6 28.Bxb6 Qa3 29.Qd2 Nd7 30.Bc7 Nc5
31.Rc3 Qxc3 32.Qxc3 Rc8 33.Nxc5 Rxc7 34.Ne6  1-0

[Event "Bohemians"]
[Site "Prague"]
[Date "1989.??.??"]
[Round "?"]
[White "Chekhov, Valery A"]
[Black "Vokac, Marek"]
[Result "1/2-1/2"]
[WhiteElo "2480"]
[BlackElo "2445"]

1.Nf3 g6 2.d4 Bg7 3.c4 d6 4.Nc3 Nf6 5.e4 O-O 6.Be2 e5 7.O-O Nc6 8.Be3 Ng4
9.Bg5 f6 10.Bh4 Nh6 11.dxe5 dxe5 12.c5 Be6 13.Qa4 Qe8 14.Rfd1 Kh8 15.h3 Rf7
16.b4 a6 17.Rab1 Ng8 18.Qc2 Rd7 19.Nd5  1/2-1/2

[Event "CSR-ch int"]
[Site "Prague"]
[Date "1989.??.??"]
[Round "1"]
[White "Bischoff, Klaus"]
[Black "Gruenberg, Hans Ulrich"]
[Result "1/2-1/2"]
[WhiteElo "2505"]
[BlackElo "2475"]

1.c4 Nf6 2.Nf3 g6 3.Nc3 Bg7 4.e4 d6 5.d4 O-O 6.Be2 e5 7.O-O Nc6 8.d5 Ne7
9.Ne1 Nd7 10.Nd3 f5 11.Bd2 Nf6 12.f3 f4 13.g3 fxg3 14.hxg3 c6 15.Kg2 cxd5
16.cxd5 Bd7 17.a4 Nc8 18.Qb3 Rf7 19.Be3 Nh5 20.Rh1 Be8 21.Nf2 Nf6 22.a5 h5
23.Qd1 Nh7 24.Qd2 Bf6 25.Nd3 a6 26.b3 Na7 27.Nb2 Nb5 28.Nxb5 Bxb5 29.Nc4 Qe7
30.Rac1  1/2-1/2

[Event "Prague op"]
[Site "Prague"]
[Date "1989.??.??"]
[Round "3"]
[White "Ambarcumjan, Armen"]
[Black "Rivello, Roberto"]
[Result "1/2-1/2"]
[WhiteElo "2350"]
[BlackElo "2225"]

1.d4 Nf6 2.c4 g6 3.Nc3 Bg7 4.e4 d6 5.Nf3 O-O 6.Be2 e5 7.O-O Nc6 8.d5 Ne7
9.Nd2 a5 10.a3 Bd7 11.b3 c5 12.Rb1 Ne8 13.b4 axb4 14.axb4 b6 15.bxc5 bxc5
16.Nb3 f5 17.Be3 Nf6 18.f3 Nc8 19.Kh1 Nb6 20.Nxc5 dxc5 21.Bxc5 Na4 22.Nxa4 Bxa4
23.Qd3 Rf7 24.Be3 Nh5 25.c5 Nf4 26.Qd2 Nxe2 27.Qxe2 Rb8 28.Qc4 Be8 29.c6 Bf8
30.exf5 gxf5 31.f4 Bd6 32.fxe5 Bxe5 33.Bf4 Bxf4 34.Qxf4 Rxb1 35.Rxb1 Qxd5
36.c7 Rg7 37.Rg1 Qc6 38.Qxf5 Qxc7 39.Qd5+ Qf7 40.Qxf7+ Bxf7 41.Rd1 Rg5 42.h3 Rd5
43.Re1 Rd2 44.Re3 Bd5 45.Rg3+ Kf7 46.Kg1 Kf6 47.Rg4 Ke5 48.Kh2 Be4 49.Kg1 Rd6
50.Rg5+ Kf4 51.Rg4+ Kf5 52.Rg8 Kf4 53.Rg4+ Ke3 54.Rg3+ Ke2 55.Rg4 Rd1+ 56.Kh2 Ke3
57.Rg3+ Kf2 58.Rg4 Bd5 59.Rf4+ Ke3 60.Rg4 Rd2 61.Kg1 Rd1+ 62.Kh2 Rd2 63.Kg1 h5
64.Rg3+ Kf4 65.Rg7 Be4 66.Kh2 Ke3 67.Kg1 Rd6 68.Kh2 Rd5 69.Kg3 Rf5 70.Kh4 Kf4
71.g3+ Kf3 72.Rg5  1/2-1/2

[Event "Primorsko op"]
[Site "Primorsko"]
[Date "1989.??.??"]
[Round "?"]
[White "Ilieva, Hristina"]
[Black "Nestorova Petrova, Lozanka"]
[Result "0-1"]
[WhiteElo "2045"]
[BlackElo "2060"]

1.d4 Nf6 2.Nf3 g6 3.c4 Bg7 4.Nc3 O-O 5.e4 d6 6.Be2 e5 7.O-O Nc6 8.d5 Ne7
9.Ne1 Ne8 10.Nd3 f5 11.f3 f4 12.Bd2 g5 13.g4 Kh8 14.b4 h5 15.h3 Rf6 16.Kg2 Rh6
17.c5 Ng6 18.Rh1 Bf6 19.Rc1 Qe7 20.Nb5 Qh7 21.cxd6 cxd6 22.Qg1 Nh4+ 23.Kf1 a6
24.Na3 Bd7 25.Ne1 Bd8 26.Nc4 Rc8 27.Ng2 Nxf3 28.Bxf3 hxg4 29.Bd1 gxh3 30.Ne1 h2
31.Qf2 Qxe4 32.Bf3 Bh3+ 33.Ng2 Qf5 34.Qe2 g4 35.Be4 Qh5 36.Rc3 b5 37.Nxe5 Rxc3
38.Ng6+ Rxg6 39.Bxc3+ Kg8 40.Bxg6 Qxg6 41.Rxh2 f3 42.Qe3 fxg2+ 43.Kg1 Qb1+
44.Be1  0-1

[Event "Quebec inv"]
[Site "Quebec"]
[Date "1989.??.??"]
[Round "2"]
[White "Leveille, Francois"]
[Black "Girard, Robin"]
[Result "1-0"]
[WhiteElo "2295"]
[BlackElo "2215"]

1.d4 Nf6 2.c4 g6 3.Nc3 Bg7 4.e4 d6 5.Nf3 O-O 6.Be2 e5 7.O-O Nc6 8.d5 Ne7
9.Ne1 Nd7 10.Nd3 f5 11.Bd2 Nf6 12.f3 f4 13.g4 h5 14.h3 Nh7 15.Be1 Kh8 16.Kg2 Ng8
17.Bf2 Bf6 18.Qe1 Rf7 19.Rh1 Ng5 20.Rc1 Qf8 21.c5 Bd8 22.Qd1 Nh6 23.Kg1 Qe8
24.Qa4 Qxa4 25.Nxa4 Rh7 26.Kg2 Bd7 27.Nc3 Be7 28.a4 a6 29.b3 Rf8 30.Ne1 dxc5
31.Nb1 b6 32.Bxa6 Nhf7 33.Nd2 Kg7 34.Be2 Rfh8 35.Nd3 Bd6 36.Rcg1 hxg4 37.hxg4 Nh3
38.Rc1 Nxf2 39.Rxh7+ Kxh7 40.Nxf2 Ra8 41.Nb1 Nd8 42.Na3 Nb7 43.Bb5 Bxb5 44.Nxb5 Na5
45.Rc3 Kg7 46.Nd3 Kf6 47.Nb2 Ke7 48.Nc4 Nxc4 49.Rxc4 Kf6 50.Rc1 Kg7 51.Na3 Kf6
52.Rh1 Kg7 53.Kf2 Be7 54.Ke2 Bd6 55.Kd3 Be7 56.Kc4 Ra5 57.Nb5 Bd6 58.Rh2 Kg8
59.g5 Kg7 60.Rh6 Be7 61.Nxc7 Bxg5 62.Rh1 Ra7 63.d6 Kg8 64.Kd5 Bd8 65.Nb5 Kg7
66.Nxa7  1-0

[Event "NOR-ch"]
[Site "Randaberg"]
[Date "1989.??.??"]
[Round "?"]
[White "Tisdall, Jonathan D"]
[Black "Scholseth, Tor Kristian"]
[Result "1-0"]
[WhiteElo "2465"]
[BlackElo "2285"]

1.d4 Nf6 2.c4 g6 3.Nc3 Bg7 4.e4 d6 5.Be2 O-O 6.Nf3 e5 7.O-O Nc6 8.d5 Ne7
9.Ne1 Nd7 10.Be3 f5 11.f3 f4 12.Bf2 g5 13.b4 Rf6 14.c5 Rg6 15.cxd6 cxd6 16.Rc1 Nf6
17.Nb5 g4 18.Nc7 g3 19.Nxa8 Nh5 20.Qc2 Nc6 21.dxc6 Qh4 22.Bxg3 fxg3 23.hxg3 Rxg3
24.Bc4+ Kh8 25.Be6 Bxe6 26.cxb7 Nf4 27.b8=Q+ Bg8 28.Rf2 Nh3+ 29.Kf1 Nf4 30.Kg1 Nh3+
31.Kf1 Nf4 32.Rd2 Bh6 33.Qxa7 Qh1+ 34.Qg1 Qh4 35.Rxd6  1-0

[Event "NOR-ch"]
[Site "Randaberg"]
[Date "1989.??.??"]
[Round "?"]
[White "Ostenstad, Berge"]
[Black "Scholseth, Tor Kristian"]
[Result "1/2-1/2"]
[WhiteElo "2430"]
[BlackElo "2285"]

1.d4 Nf6 2.Nf3 g6 3.c4 Bg7 4.Nc3 O-O 5.e4 d6 6.Be2 e5 7.O-O Nc6 8.d5 Ne7
9.Nd2 a5 10.Rb1 Nd7 11.a3 f5 12.b4 axb4 13.axb4 b6 14.f3 Kh8 15.Nb3 Ng8 16.Be3 Bh6
17.Bxh6 Nxh6 18.Qd2 Kg7 19.Ra1 Rxa1 20.Rxa1 Nf6 21.c5 bxc5 22.bxc5 fxe4 23.fxe4 Bg4
24.Bxg4 Nfxg4  1/2-1/2

[Event "Reykjavik"]
[Site "Reykjavik"]
[Date "1989.??.??"]
[Round "?"]
[White "Thorhallsson, Throstur"]
[Black "Jonsson, Bjorgvin"]
[Result "1/2-1/2"]
[WhiteElo "2415"]
[BlackElo "2335"]

1.d4 Nf6 2.c4 g6 3.Nc3 Bg7 4.e4 d6 5.Nf3 O-O 6.Be2 e5 7.O-O Nc6 8.d5 Ne7
9.Ne1 Nd7 10.Be3 f5 11.f3 f4 12.Bf2 g5 13.Nb5 b6 14.b4 a6 15.Nc3 Ng6 16.Nd3 Rf7
17.a4 Bf8 18.a5 bxa5 19.bxa5 Rg7 20.c5 Nf6 21.cxd6 Bxd6 22.Nc5 Nf8 23.Qb3 Qe7
24.Ne6 Nxe6 25.dxe6 Bxe6 26.Qb7 Qe8 27.Rfd1 g4 28.Bh4 Bc5+ 29.Kh1 Ra7 30.Qb2 Qh5
31.Bxf6 Rg6 32.Qb8+ Kf7 33.Qd8 Rxf6 34.Rd7+ Bxd7 35.Qxd7+ Kf8 36.Qd8+ Kg7
37.Qd7+ Kh8 38.Qc8+ Rf8 39.Qe6 g3 40.h3 Bd4 41.Rc1 Qf7 42.Qc6 Qf6 43.Qc4 Rb8
44.Nd5 Qd6 45.Rd1 Qe6 46.Rxd4 exd4 47.Qxd4+ Kg8 48.Nb6 cxb6 49.Bc4 Qxc4 50.Qxc4+ Rf7
51.Kg1 bxa5 52.Kf1 Rb6 53.Qc5 Rg6 54.Qxa5 Kg7 55.Qe5+ Kf8 56.Ke2 Rgf6 57.h4 Kg7
58.Qg5+ Rg6 59.Qd5 h6 60.Kd3 Re7 61.e5 Rge6 62.Qc4 Rxe5 63.Qxf4 R5e6 64.Qxg3+ Rg6
65.Qf2 Rd7+ 66.Ke4 Re7+ 67.Kd5 Rd7+ 68.Ke5 Re7+ 69.Kd5 Rd7+ 70.Kc5 Rc7+ 71.Kd5  1/2-1/2

[Event "Reykjavik"]
[Site "Reykjavik"]
[Date "1989.??.??"]
[Round "?"]
[White "Tisdall, Jonathan D"]
[Black "Jonsson, Bjorgvin"]
[Result "1-0"]
[WhiteElo "2460"]
[BlackElo "2335"]

1.d4 Nf6 2.c4 g6 3.Nc3 Bg7 4.e4 d6 5.Nf3 O-O 6.Be2 e5 7.O-O Nc6 8.d5 Ne7
9.b4 Nh5 10.c5 Nf4 11.Bxf4 exf4 12.Qd2 f5 13.Rad1 fxe4 14.Nxe4 h6 15.cxd6 cxd6
16.Nd4 Nf5 17.Nxf5 Bxf5 18.Qxf4 Be5 19.Qe3 Bxh2+ 20.Kxh2 Qh4+ 21.Kg1 Bxe4
22.Rd4 Rae8 23.Bf3 Bxf3 24.Rxh4 Rxe3 25.fxe3 Bxd5 26.Rxf8+ Kxf8 27.a3 h5
28.Rd4 Be6 29.Rxd6 Ke7 30.Rd4 g5 31.g3 Kf6 32.Kf2 Ke5 33.Rd8 h4 34.gxh4 gxh4
35.Rh8 h3 36.Rh7 Bf5 37.Rxb7 h2 38.Rb5+  1-0

[Event "Sagua la Grande"]
[Site "Sagua la Grande"]
[Date "1989.??.??"]
[Round "7"]
[White "Armas, Jorge"]
[Black "Martin del Campo, Roberto"]
[Result "1/2-1/2"]
[WhiteElo "2385"]
[BlackElo "2455"]

1.d4 Nf6 2.c4 g6 3.Nc3 Bg7 4.e4 d6 5.Be2 O-O 6.Nf3 e5 7.O-O Nc6 8.d5 Ne7
9.Nd2 a5 10.a3 c5 11.Rb1 Ne8 12.b4 axb4 13.axb4 b6 14.Qb3 f5 15.Bd3 Bh6 16.bxc5 bxc5
17.Qb6 Nf6 18.Nf3 Bxc1 19.Rfxc1 Ra3 20.Nd2 fxe4 21.Bxe4 Nf5 22.Bxf5 Bxf5
23.Qxd8 Rxd8 24.Rb6 Rda8 25.f3 R3a6 26.Rxa6 Rxa6 27.g4 Bd3 28.Kf2 g5 29.Ke3 Bg6
30.Nb5 Kf8 31.h4 gxh4 32.Rh1 Ke7 33.Rxh4 Ra5 34.Nc7 Ra3+ 35.Ke2 e4 36.Nb5 Ra2
37.g5 exf3+ 38.Ke3 Nh5 39.Nxf3 Ng3 40.Kf4 Nf5 41.Rh2 Ra4 42.Nd2  1/2-1/2

[Event "Sevilla op"]
[Site "Sevilla"]
[Date "1989.??.??"]
[Round "?"]
[White "Guerra, Pablo"]
[Black "Rodriguez Talavera, Juan Carlos"]
[Result "0-1"]
[WhiteElo "2265"]
[BlackElo "2395"]

1.d4 Nf6 2.c4 g6 3.Nc3 Bg7 4.e4 O-O 5.Be2 d6 6.Nf3 e5 7.O-O Nc6 8.d5 Ne7
9.Nd2 a5 10.a3 Nd7 11.Rb1 f5 12.b4 Nf6 13.c5 Kh8 14.cxd6 cxd6 15.b5 Bh6 16.Bd3 Bd7
17.Bb2 Rc8 18.exf5 gxf5 19.Nc4 Be8 20.b6 Bh5 21.Be2 Rxc4 22.Bxh5 Qxb6 23.Bc1 Qxb1
24.Nxb1 Rxc1 25.Qf3 Rfc8 26.g3 Rxf1+ 27.Kxf1 Rc1+ 28.Kg2 Rxb1 29.Qd3 Rb2
30.Bf3 b5 31.Qc3 Rd2 32.Kg1 Nfxd5 33.Bxd5 Rxd5 34.Qxa5 Bg5 35.h4 Bf6 36.Kg2 Kg7
37.Qd8 Kf7 38.Qd7 e4 39.Kf1 Be5 40.Qb7 Ke6 41.Ke2 Bd4 42.f3 exf3+ 43.Kxf3 h5
44.Qa8 Be5 45.Qe8 Rd3+ 46.Ke2 Rxa3 47.Qxb5 Rxg3 48.Qe8 Rg6 49.Kf3 Bf6 50.Qb5 Rg4
51.Qb3+ Nd5 52.Qb7 Rf4+ 53.Kg2 Rxh4 54.Qc8+ Ke5 55.Qe8+ Be7 56.Qh8+ Ke4 57.Qa8 Rg4+
58.Kh3 f4 59.Qe8 f3 60.Qa4+ Ke5 61.Qa1+ Ke6 62.Qe1+ Kd7 63.Qf1 f2 64.Qb5+ Ke6
65.Qe2+ Kf6 66.Kh2 Rf4 67.Qxh5 f1=Q  0-1

[Event "Sochi-B"]
[Site "Sochi"]
[Date "1989.??.??"]
[Round "?"]
[White "Sherbakov, Ruslan"]
[Black "Ivanov, Jordan"]
[Result "1/2-1/2"]
[WhiteElo "2360"]
[BlackElo "2300"]

1.Nf3 Nf6 2.c4 g6 3.Nc3 Bg7 4.e4 d6 5.d4 O-O 6.Be2 e5 7.O-O Nc6 8.d5 Ne7
9.Nd2 a5 10.a3 Nd7 11.Rb1 f5 12.b4 Kh8 13.f3 Ng8 14.Qc2 axb4 15.axb4 Bh6
16.Nb3 Ndf6 17.exf5  1/2-1/2